American historical prints--early views of american cities. (Record no. 18194)

MARC details
000 -LEADER
fixed length control field 00846nam a2200277Ia 4500
001 - CONTROL NUMBER
control field AUWbook002692
003 - CONTROL NUMBER IDENTIFIER
control field BDCtgAUW
005 - DATE AND TIME OF LATEST TRANSACTION
control field 20260406155229.0
008 - FIXED-LENGTH DATA ELEMENTS--GENERAL INFORMATION
fixed length control field 220908s9999 xx 000 0 eng d
040 ## - CATALOGING SOURCE
Original cataloging agency BDCtgAUW
Transcribing agency BDCtgAUW
050 ## - LIBRARY OF CONGRESS CALL NUMBER
Classification number NE215.U5N43
100 1# - MAIN ENTRY--PERSONAL NAME
Personal name The New York Public Library.
9 (RLIN) 16584
245 #0 - TITLE STATEMENT
Title American historical prints--early views of american cities.
260 ## - PUBLICATION, DISTRIBUTION, ETC.
Place of publication, distribution, etc. New York :
Name of publisher, distributor, etc. the New York public library,
Date of publication, distribution, etc. 1933.
300 ## - PHYSICAL DESCRIPTION
Extent xxxiii, 235 pages.
650 #0 - SUBJECT ADDED ENTRY--TOPICAL TERM
Topical term or geographic name entry element Engraving
Geographic subdivision New York(State)
General subdivision Catalogs.
9 (RLIN) 91307
650 #0 - SUBJECT ADDED ENTRY--TOPICAL TERM
Topical term or geographic name entry element Graphic Arts.
651 #0 - SUBJECT ADDED ENTRY--GEOGRAPHIC NAME
Geographic name America
General subdivision Pictorial works.
9 (RLIN) 80253
651 #0 - SUBJECT ADDED ENTRY--GEOGRAPHIC NAME
Geographic name United States
Form subdivision Maps
General subdivision Early.
9 (RLIN) 80254
651 #0 - SUBJECT ADDED ENTRY--GEOGRAPHIC NAME
Geographic name United States
General subdivision Pictorial works.
9 (RLIN) 80255
700 1# - ADDED ENTRY--PERSONAL NAME
Personal name Haskell, Daniel C.
9 (RLIN) 16590
887 ## - NON-MARC INFORMATION FIELD
Content of non-MARC field BRAC
Source of data 2982
888 ## -
-- 2982
942 ## - ADDED ENTRY ELEMENTS (KOHA)
Koha item type Books
Koha issues (borrowed), all copies 0
945 ## - LOCAL PROCESSING INFORMATION (OCLC)
c BK

No items available.